Tiếng chim hót trong bụi mận gai = The thorn birds

সংরক্ষণ করুন:
গ্রন্থ-পঞ্জীর বিবরন
প্রধান লেখক: Colleen McCCullough
বিন্যাস: গ্রন্থ
ভাষা:Undetermined
প্রকাশিত: Hà Nội Hội Nhà Văn 1998
বিষয়গুলি:
ট্যাগগুলো: ট্যাগ যুক্ত করুন
কোনো ট্যাগ নেই, প্রথমজন হিসাবে ট্যাগ করুন!
Thư viện lưu trữ: Trung tâm Học liệu Trường Đại học Cần Thơ
LEADER 00592nam a2200181Ia 4500
001 CTU_35893
008 210402s9999 xx 000 0 und d
082 |a 820.3 
082 |b M133/T1 
100 |a Colleen McCCullough 
245 0 |a Tiếng chim hót trong bụi mận gai 
245 0 |b = The thorn birds 
245 0 |c Colleen McCCullough, Phạm Mạnh Hùng 
260 |a Hà Nội 
260 |b Hội Nhà Văn 
260 |c 1998 
650 |a australian fiction ( vietnamese ),australian literature - 20th century 
980 |a Trung tâm Học liệu Trường Đại học Cần Thơ